[Event "Tuzla op 16th"]
[Site "Tuzla"]
[Date "2009.12.25"]
[Round "2"]
[White "Malkic, Jusuf"]
[Black "Karahmetovic, Adnan"]
[Result "0-1"]
[WhiteElo "2079"]
[BlackElo "2310"]
[PlyCount "94"]
[EventDate "2009.12.24"]
[EventType "swiss"]
[EventRounds "7"]
[EventCountry "BIH"]
[SourceTitle "EXT 2019"]
[Source "ChessBase"]
[SourceDate "2018.10.10"]
[SourceVersion "1"]
[SourceVersionDate "2018.10.10"]
[SourceQuality "1"]

1. e4 e6 2. d4 d5 3. exd5 exd5 4. Nf3 Nc6 5. Bb5 Bd6 6. 0-0 a6 7. Re1+ Nge7 8. Bd3 Bg4 9. c3 Qd7 10. h3 Bh5 11. b4 0-0 12. Bg5 f6 13. Bh4 Rfe8 14. Nbd2 Ng6 15. Qc2 Nf8 16. Bf5 Bg6 17. Bxg6 Nxg6 18. Bg3 Bxg3 19. fxg3 Nge7 20. Nf1 Nf5 21. g4 Nd6 22. Ng3 Nc4 23. a4 Ne7 24. a5 Ng6 25. Qf5 Qxf5 26. Nxf5 Kf7 27. g3 Ne7 28. Nxe7 Rxe7 29. Rxe7+ Kxe7 30. Re1+ Kf7 31. Kf2 b6 32. axb6 cxb6 33. g5 a5 34. gxf6 gxf6 35. bxa5 bxa5 36. Re2 a4 37. Ne1 Rb8 38. Nd3 Rb3 39. Rc2 a3 40. Ke2 Rb2 41. Ne1 a2 42. Rxb2 a1Q 43. Rb7+ Ke6 44. Nd3 Qxc3 45. Nc5+ Kd6 46. Nb3 Qe3+ 47. Kd1 Qxg3 0-1